<?xml version="1.0" encoding="UTF-8"?>
<collection xmlns="http://www.loc.gov/MARC21/slim">
 <record>
  <leader>07874nam a2200541 a 4500</leader>
  <controlfield tag="001">kal4267</controlfield>
  <controlfield tag="003">Gr-AtHEAL</controlfield>
  <controlfield tag="005">20160421083455.0</controlfield>
  <controlfield tag="006">m        d        </controlfield>
  <controlfield tag="008">160413s2015    gr      s           gre|c</controlfield>
  <datafield tag="020" ind1=" " ind2=" ">
   <subfield code="a">9789606033407</subfield>
  </datafield>
  <datafield tag="040" ind1=" " ind2=" ">
   <subfield code="a">GR-AtHEAL</subfield>
   <subfield code="b">gre</subfield>
   <subfield code="c">GR-AtHEAL</subfield>
  </datafield>
  <datafield tag="082" ind1="0" ind2="4">
   <subfield code="a">193</subfield>
   <subfield code="2">23</subfield>
  </datafield>
  <datafield tag="100" ind1="1" ind2=" ">
   <subfield code="a">Θεοδώρου, Παναγιώτης.</subfield>
   <subfield code="8">537</subfield>
  </datafield>
  <datafield tag="245" ind1="1" ind2="0">
   <subfield code="a">Εισαγωγή στο είναι και χρόνος του Μάρτιν Χάιντεγκερ </subfield>
   <subfield code="h">[Ηλεκτρονικός πόρος] </subfield>
   <subfield code="b">Φαινομενολογική ερμηνεία και ανάλυση της προκαταρκτικής υπαρκτικής αναλυτικής</subfield>
   <subfield code="c">Θεοδώρου, Παναγιώτης ; Κριτικός αναγνώστης,Ξηροπαΐδης, Γεώργιος ; Γραφιστική επιμέλεια,Μποζιονέλος, Γαβριήλ ; Τεχνική επιμέλεια,Μποζιονέλος,Γαβριήλ ; Γλωσσική επιμέλεια,Βιολιτζή, Γεωργία.</subfield>
  </datafield>
  <datafield tag="260" ind1=" " ind2=" ">
   <subfield code="a">Αθήνα :</subfield>
   <subfield code="b">Σύνδεσμος Ελληνικών Ακαδημαϊκών Βιβλιοθηκών,</subfield>
   <subfield code="c">c2015.</subfield>
  </datafield>
  <datafield tag="490" ind1=" " ind2=" ">
   <subfield code="a">Ακαδημαϊκά Ηλεκτρονικά Συγγράμματα και Βοηθήματα Κάλλιπος</subfield>
   <subfield code="8">40</subfield>
  </datafield>
  <datafield tag="505" ind1=" " ind2=" ">
   <subfield code="a">1. Η Αναγκαιότητα, η Δομή και η Προτεραιότητα του Ερωτήματος για το &quot;Είναι&quot; 2. Το διπλό μέλημα που αναδεικνύεται κατά την επεξεργασία του ερωτήματος για το Είναι: η μέθοδος της έρευνας και το σχεδιάγραμμά της 3. Παρουσίαση του καθήκοντος μιας προκαταρκτικής αναλυτικής του εδωνά-Είναι 4. Το εν-τω-κόσμω-Είναι γενικά ως θεμελιώδης σύσταση του εδωνά-Είναι 5. Η κοσμικότητα του κόσμου (ως δομική στιγμή του εν-τω-κόσμω-Είναι) 6. Το εν-τω-κόσμω-Είναι ως συν-Είναι και εαυτότητα. Ο “Κανείς” 7. Το εν-Είναι ως τέτοιο 8. Η μέριμνα ως είναι του εδωνά-Είναι</subfield>
  </datafield>
  <datafield tag="520" ind1=" " ind2=" ">
   <subfield code="a">Το Είναι και Χρόνος (ΕΧ) του Μάρτιν Χάιντεγκερ είναι κατά γενική ομολογία ένα από τα πλέον σημαντικά έργα της ιστορίας της φιλοσοφίας. Τόσο η εξέταση της ιστορίας της φιλοσοφίας μέσα σε αυτό όσο και η τεράστια επίδραση που αυτό άσκησε στη φιλοσοφία που έπεται της εμφάνισής του (1927) το καθιστούν αναγκαία ύλη κάθε αξιόλογου φιλοσοφικού προγράμματος σπουδών. Το έργο αυτό όμως είναι και διαβόητο για τη μεγάλη δυσκολία που παρουσιάζει στην κατανόησή του. Στη συγκεκριμένη ερμηνεία και ανάλυση του ΕΧ, λοιπόν, επιχειρείται η λεπτομερής και διδακτική εξήγηση όλων των ιδεών και των επιχειρημάτων του. Σε αυτό το εγχείρημα δε ακολουθείται ειδικώς μια μεθοδολογία την οποία κρίνω την πιο ενδεδειγμένη: η φαινομενολογική -- το έργο προσεγγίζεται φαινομενολογικά. Ο ίδιος ο Χάιντεγκερ κάνει ρητό πως κάθε τι που πρόκειται να γίνει θέμα στο ΕΧ πρέπει να μπορεί να καθίσταται φαινόμενο. Η απαίτηση αυτή δεν είναι επουσιώδης ή ευκαιριακή. Χαρακτηρίζει το έργο, το σχέδιό του, και την τελική σκόπευσή του σε κάθε σημείο της ανάπτυξης. Ο Χάιντεγκερ αναδεικνύεται ως σχεδόν εμμονικός με αυτό το καθήκον. Επιχειρεί να κάνει φαινομενολογική οντολογία, δηλαδή να διαλευκάνει φαινομενολογικά το μέγιστο και σκοτεινότερο πρόβλημα της φιλοσοφίας από ιδρύσεώς της: το νόημα του Είναι. Κατά τη φαινομενολογική μεθοδολογία, αποκλείεται εξαρχής και κατ’ αρχήν κάθε προσφυγή στην εικασία και τη σκέτη ανάλυση εννοιών (λογική ή διαλεκτική) χωρίς απαραίτητη σύνδεση με μια εποπτεία όπου κάθε τι για το οποίο μιλάμε φανερώνεται το ίδιο ως έχει. Προφανώς, κάτι τέτοιο φαντάζει, σε πρώτη προσέγγιση, σχεδόν τερατώδες. Εδώ βρίσκεται ο πυρήνας της δυσκολίας κατανόησης του ΕΧ. Έτσι, στην εδώ προτεινόμενη ερμηνεία και ανάλυση δίνεται ιδιαίτερη έμφαση στον φωτισμό των προϋποθέσεων της κατανόησης της όλης φιλοσοφικής έρευνας που ο Χάιντεγκερ επιχειρεί στο ΕΧ. Πάνω σε αυτή τη βάση, πραγματοποιείται και η ενδελεχής ανάδειξη όλων των ιδεών και των επιχειρημάτων που περιέχονται στο ΕΧ και ειδικά στην Πρώτη Διαίρεση.</subfield>
  </datafield>
  <datafield tag="650" ind1=" " ind2="0">
   <subfield code="a">Heidegger, Martin, 1889-1976</subfield>
   <subfield code="x">Criticism and interpretation.</subfield>
   <subfield code="8">1765</subfield>
  </datafield>
  <datafield tag="653" ind1=" " ind2=" ">
   <subfield code="a">Οντολογία του εργαλείου</subfield>
  </datafield>
  <datafield tag="653" ind1=" " ind2=" ">
   <subfield code="a">Ε. Χούσερλ</subfield>
  </datafield>
  <datafield tag="653" ind1=" " ind2=" ">
   <subfield code="a">Κατανόηση</subfield>
  </datafield>
  <datafield tag="653" ind1=" " ind2=" ">
   <subfield code="a">Εύρεση</subfield>
  </datafield>
  <datafield tag="653" ind1=" " ind2=" ">
   <subfield code="a">Ερμηνευτική</subfield>
  </datafield>
  <datafield tag="653" ind1=" " ind2=" ">
   <subfield code="a">Καρτέσιος</subfield>
  </datafield>
  <datafield tag="653" ind1=" " ind2=" ">
   <subfield code="a">Κατάπτωση</subfield>
  </datafield>
  <datafield tag="653" ind1=" " ind2=" ">
   <subfield code="a">Νόημα</subfield>
  </datafield>
  <datafield tag="653" ind1=" " ind2=" ">
   <subfield code="a">Αλήθεια</subfield>
  </datafield>
  <datafield tag="653" ind1=" " ind2=" ">
   <subfield code="a">Σημαντικότητα</subfield>
  </datafield>
  <datafield tag="653" ind1=" " ind2=" ">
   <subfield code="a">Υπαρκτική ανάλυση</subfield>
  </datafield>
  <datafield tag="653" ind1=" " ind2=" ">
   <subfield code="a">Κόσμος</subfield>
  </datafield>
  <datafield tag="653" ind1=" " ind2=" ">
   <subfield code="a">Ύπαρξη</subfield>
  </datafield>
  <datafield tag="653" ind1=" " ind2=" ">
   <subfield code="a">Γλώσσα</subfield>
  </datafield>
  <datafield tag="653" ind1=" " ind2=" ">
   <subfield code="a">Είναι</subfield>
  </datafield>
  <datafield tag="653" ind1=" " ind2=" ">
   <subfield code="a">Μ. Χάιντεγκερ</subfield>
  </datafield>
  <datafield tag="653" ind1=" " ind2=" ">
   <subfield code="a">Φιλοσοφία</subfield>
   <subfield code="a">Ιστορία της δυτικής φιλοσοφίας</subfield>
   <subfield code="a">Φιλοσοφία 19ου αιώνα</subfield>
  </datafield>
  <datafield tag="653" ind1=" " ind2=" ">
   <subfield code="a">Κλάδοι φιλοσοφίας (εκτός ηθικής)</subfield>
   <subfield code="a">Μεταφυσική</subfield>
   <subfield code="a">Οντολογία</subfield>
  </datafield>
  <datafield tag="653" ind1=" " ind2=" ">
   <subfield code="a">Φιλοσοφία</subfield>
   <subfield code="a">Κλάδοι φιλοσοφίας (εκτός ηθικής)</subfield>
   <subfield code="a">Φιλοσοφία του νου</subfield>
  </datafield>
  <datafield tag="653" ind1=" " ind2=" ">
   <subfield code="a">Φιλοσοφία</subfield>
   <subfield code="a">Κλάδοι φιλοσοφίας (εκτός ηθικής)</subfield>
   <subfield code="a">Μεταφυσική</subfield>
  </datafield>
  <datafield tag="653" ind1=" " ind2=" ">
   <subfield code="a">Φιλοσοφία</subfield>
   <subfield code="a">Προσεγγίσεις και σχολές στη φιλοσοφία</subfield>
   <subfield code="a">Υπαρξισμός</subfield>
  </datafield>
  <datafield tag="653" ind1=" " ind2=" ">
   <subfield code="a">Φιλοσοφία</subfield>
   <subfield code="a">Φιλοσοφικές παραδόσεις</subfield>
   <subfield code="a">Ηπειρωτική φιλοσοφία</subfield>
   <subfield code="a">Φαινομενολογία</subfield>
  </datafield>
  <datafield tag="700" ind1="1" ind2=" ">
   <subfield code="a">Ξηροπαΐδης, Γεώργιος</subfield>
   <subfield code="e">Κριτικός αναγνώστης</subfield>
   <subfield code="8">552</subfield>
  </datafield>
  <datafield tag="856" ind1="4" ind2="0">
   <subfield code="u">http://hdl.handle.net/11419/4267</subfield>
   <subfield code="z">Πλήρες Κείμενο - Full text</subfield>
  </datafield>
  <datafield tag="907" ind1=" " ind2=" ">
   <subfield code="a">.b25677160</subfield>
   <subfield code="b">12-06-18</subfield>
   <subfield code="c">29-07-16</subfield>
  </datafield>
  <datafield tag="949" ind1=" " ind2=" ">
   <subfield code="0">0</subfield>
   <subfield code="1">0</subfield>
   <subfield code="2">ddc</subfield>
   <subfield code="4">0</subfield>
   <subfield code="6">193_000000000000000_ΘΕΟ</subfield>
   <subfield code="7">0</subfield>
   <subfield code="8">KALL</subfield>
   <subfield code="8">474</subfield>
   <subfield code="d">2016-04-13</subfield>
   <subfield code="r">2016-04-13</subfield>
   <subfield code="w">2016-04-13</subfield>
   <subfield code="z">193 ΘΕΟ</subfield>
   <subfield code="o">SEAB KALLIPOS</subfield>
  </datafield>
  <datafield tag="998" ind1=" " ind2=" ">
   <subfield code="a">80</subfield>
   <subfield code="a">01</subfield>
   <subfield code="a">02</subfield>
   <subfield code="a">03</subfield>
   <subfield code="a">04</subfield>
   <subfield code="a">05</subfield>
   <subfield code="a">06</subfield>
   <subfield code="a">07</subfield>
   <subfield code="a">08</subfield>
   <subfield code="a">09</subfield>
   <subfield code="a">10</subfield>
   <subfield code="a">11</subfield>
   <subfield code="a">12</subfield>
   <subfield code="a">13</subfield>
   <subfield code="a">14</subfield>
   <subfield code="a">15</subfield>
   <subfield code="a">16</subfield>
   <subfield code="a">17</subfield>
   <subfield code="a">18</subfield>
   <subfield code="a">19</subfield>
   <subfield code="a">20</subfield>
   <subfield code="a">21</subfield>
   <subfield code="a">22</subfield>
   <subfield code="a">23</subfield>
   <subfield code="a">24</subfield>
   <subfield code="a">25</subfield>
   <subfield code="a">26</subfield>
   <subfield code="b">15-07-06</subfield>
   <subfield code="c">m</subfield>
   <subfield code="d">z  </subfield>
   <subfield code="e">-</subfield>
   <subfield code="f">gre</subfield>
   <subfield code="g">gr </subfield>
   <subfield code="h">0</subfield>
  </datafield>
  <datafield tag="942" ind1=" " ind2=" ">
   <subfield code="2">ddc</subfield>
   <subfield code="c">KALLIPOS</subfield>
  </datafield>
 </record>
</collection>
